Proceedings of the symposium on recent developments in ellipsometry (Record no. 25966)
[ view plain ]
| 000 -LEADER | |
|---|---|
| fixed length control field | 00575nam a22001457a 4500 |
| 008 - FIXED-LENGTH DATA ELEMENTS--GENERAL INFORMATION | |
| fixed length control field | 230502b |||||||| |||| 00| 0 eng d |
| 040 ## - CATALOGING SOURCE | |
| Original cataloging agency | National Science Library |
| Transcribing agency | National Science Library |
| 080 ## - UNIVERSAL DECIMAL CLASSIFICATION NUMBER | |
| Universal Decimal Classification number | 532.51(082.2) |
| Item number | K9 |
| 245 ## - TITLE STATEMENT | |
| Title | Proceedings of the symposium on recent developments in ellipsometry |
| Statement of responsibility, etc. | / Electrical Materials Laboratory, University of Nebraska Lincoln, Nebraska, U. S. A., August 7-9, 1968 |
| 260 ## - PUBLICATION, DISTRIBUTION, ETC. | |
| Place of publication, distribution, etc. | Amsterdam: |
| Name of publisher, distributor, etc. | North-Holland Publishing Company, |
| Date of publication, distribution, etc. | 1969 |
| 300 ## - PHYSICAL DESCRIPTION | |
| Extent | 452p. |
| 650 ## - SUBJECT ADDED ENTRY--TOPICAL TERM | |
| Topical term or geographic name entry element | Science |
| 700 ## - ADDED ENTRY--PERSONAL NAME | |
| Personal name | Bashara, N M (Ed.) |
| 942 ## - ADDED ENTRY ELEMENTS (KOHA) | |
| Source of classification or shelving scheme | Universal Decimal Classification |
| Koha item type | Proceedings |
| Withdrawn status | Lost status | Source of classification or shelving scheme | Damaged status | Not for loan | Home library | Current library | Shelving location | Date acquired | Total Checkouts | Full call number | Barcode | Date last seen | Price effective from | Koha item type |
|---|---|---|---|---|---|---|---|---|---|---|---|---|---|---|
| Universal Decimal Classification | National Science Library | National Science Library | GF/Rk-6/C-5/R-4 | 14/06/1971 | 532.51(082.2) K9 | 35141 | 02/05/2023 | 14/06/1971 | Proceedings | |||||
| Universal Decimal Classification | National Science Library | National Science Library | GF/Rk-6/C-7/R-1 | 14/06/1971 | 532.56(05) | 28234 | 02/05/2023 | 14/06/1971 | Proceedings |